000 02325cam a22004574i 4500
003 PE-LiUPU
005 20250731165404.0
008 151005s2014 pe a grm 000 0 spa d
035 _a(Sirsi) a154764
040 _aPE-LiUPU
_bspa
_cPE-LiUPU
_erda
082 0 4 _a370.154
_bK78 T4
099 _aTE 4
_bK78 2014
100 1 _aKovács Halay, István János
_eautor
245 1 _aPrograma de gestión y dirección educativa basada en técnicas de relaciones públicas, su eficiencia en la motivación del personal docente del Instituto Computron del Distrito de los Olivos- Lima, 2013 /
_cIstván János Kovács Halay.
264 0 _c2014.
300 _a250 hojas :
_bilustraciones;
_c30 cm
336 _atext
_2rdacontent
337 _aunmediated
_2rdamedia
338 _avolume
_2rdacarrier
502 _aTesis
_b(Dr.) --
_cUniversidad Peruana Unión,
_d2014.
504 _aIncluye referencias bibliográficas
520 3 _aEl presente trabajo de investigación es innovador, porque aplicó un programa de gestión educativa con las técnicas de Relaciones Públicas, principalmente la técnica de administración de la controversia pública, para fortalecer eficientemente la motivación del personal docente del instituto de Educación Superior COMPUTRON; esta tesis tiene nivel doctoral, porque aporta al campo de la gestión educativa una nueva teoría que deja constancia de que dicha gestión puede ser más eficiente si los directivos de una entidad educativa aplican conocimientos y programas de Relaciones Públicas. Se diseñó el plan de investigación y aplicación del programa de gestión educativa, realizado el instituto de Educación Superior COMPUTRON en sus dos sedes en la ciudad de Lima Metropolitana durante el año 2013.
526 _aSEG44
526 _aSEG26
526 _aP151
526 _aP150
526 _aP149
526 _aP146
526 _aP145
526 _aP126
526 _aP125
526 _aP92
526 _aP75
526 _aP74
526 _aP27
526 _aP15
650 0 4 _aMotivación
_xRelaciones públicas (Educación no formal)
_vTesis.
596 _a1
942 _2ddc
_cTESIS
999 _aTE 4 K78 2014
_wALPHANUM
_c7464
_iT01752
_lCCODEBUL3
_mBUL
_r1
_sY
_tTESIS
_u2015-10-5
_xPOSGRADO
_PP89
_o.STAFF. Tesis
_d7464
980 _81
_gALBERTO SANCHEZ Responsable de Automatización